000 00690nam a2200241 a 4500
005 20210219153419.0
008 991125n 000 0 u
035 _aUPN01000097857
100 _aCostenbader, V. K.
222 _aJOURNAL OF SCHOOL PSYCHOLOGY
245 _aA review of the psychometric and administrative features of the PIAT-R : implications for the practitioner
300 _a219-228
362 _a29, No. 3, 1991
505 _aAbril 1992
653 0 _aENSAYOS
653 0 _aFORMATO DE PRUEBAS
653 0 _aMARCADORES
653 0 _aPRUEBAS DE RENDIMINETO
653 0 _aPSICOMETRIA
700 _aAdams, John W.
904 _aAC
_b035668
905 _aArticulo
999 _c76336
_d76336